Analýza niektorých faktorov ovplyvňujpúcich racionalitu rozhodovania
Teória rozhodovania má za cieľ objektivizovanie výsledkov rozhodovania. Jedným z nástrojov, ktorý pomáha pri hodnotení rozhodnutia je subjektívna očakávaná užitočnosť. Meranie užitočnosti. Kritika teórie očakávanej užitočnosti. Ellsbergov paradox.
Guardado en:
| Autor principal: | |
|---|---|
| Otros Autores: | |
| Formato: | Capítulo de libro |
| Lenguaje: | eslovaco |
| Materias: | |
| Etiquetas: |
Sin Etiquetas, Sea el primero en etiquetar este registro!
|
MARC
| LEADER | 00000nla a2200000 4500 | ||
|---|---|---|---|
| 001 | 0212493 | ||
| 005 | 20240502083532.0 | ||
| 041 | 0 | |a slo | |
| 044 | |a CZ | ||
| 245 | 1 | 0 | |a Analýza niektorých faktorov ovplyvňujpúcich racionalitu rozhodovania |c Zuzana Čičková, Tomáš Gál |
| 520 | |a Teória rozhodovania má za cieľ objektivizovanie výsledkov rozhodovania. Jedným z nástrojov, ktorý pomáha pri hodnotení rozhodnutia je subjektívna očakávaná užitočnosť. Meranie užitočnosti. Kritika teórie očakávanej užitočnosti. Ellsbergov paradox. | ||
| 610 | 2 | 0 | |a rozhodovanie |
| 610 | 2 | 0 | |a pravdepodobnosť |
| 610 | 2 | 0 | |a teória hier |
| 610 | 2 | 0 | |a výskum operačný |
| 100 | 1 | |a Čičková, Zuzana, 1978- | |
| 700 | 1 | |a Gál, Tomáš | |